01200cam a2200217 a 450000100100000000500170001000800410002702000150006804000250008308200130010810000290012124501060015026000490025630000280030544000560033350000640038950003460045350400520079950000870085150000440093800000119920200929145514.0870812s1986 cl a b i100 0 spa  a9213212046 aDO-SdBNPbspacBNPHU avvbG2161 aGarcía Elizalde, Pedro13aEl desarrollo frutícula y forestal en Chile y sus derivaciones sociales /cPedro García Elizalde. aSantiago de Chile :bNaciones Unidas,c1986. a234 p. :bil. ;c23 cm. 0aEstudios e informes de la CEPALx0256-9795 ;vv. 57 aTexts prepared by Pedro Garcia Elizalde and Jose I. Leyton. a"Los documentos incluidos en este numero fueron presentados al Taller CEPAL/FAO sobre Politica Agricola y Desarrollo Rural (Santiago de Chile, 26 al 30 de agosto de 1985) que forma parte del proyecto conjunto del gobierno de los paises bajos y la CEPAl relativo al mismo tema adscrito a la Division Agricolas Conjunta CEPAL/FAO"--T.p. verso. aIncluye referencia bibliográficas(p. 225-227) a"Publicación de las Naciones Unidas, número de venta S.86.II.G.7"--T.p. verso. a"LC/G.1378, enero de 1986"--T.p. verso.